Keď je sekunda večnosťou vysokofrekvenčné obchodovanie zvládajú iba stroje
Typ obchodovania, ktorý je založený na kúpe alebo predaji malého počtu akcií, ale pri veľkom počte obchodovateľných spoločností. Použitie derivátov, ktoré niekoľko násobne zvyšujú zisk v posune trhu.
Salvato in:
| Autore principale: | |
|---|---|
| Natura: | Capitolo di libro |
| Lingua: | slovacco |
| Soggetti: | |
| Tags: |
Nessun Tag, puoi essere il primo ad aggiungerne!!
|
MARC
| LEADER | 00000naa a2200000 4500 | ||
|---|---|---|---|
| 001 | 0149483 | ||
| 005 | 20240502072704.1 | ||
| 041 | 0 | |a slo | |
| 044 | |a SK | ||
| 245 | 1 | 0 | |a Keď je sekunda večnosťou |b vysokofrekvenčné obchodovanie zvládajú iba stroje |c Miroslav Kmeťko |
| 520 | |a Typ obchodovania, ktorý je založený na kúpe alebo predaji malého počtu akcií, ale pri veľkom počte obchodovateľných spoločností. Použitie derivátov, ktoré niekoľko násobne zvyšujú zisk v posune trhu. | ||
| 610 | 2 | 0 | |a trh kapitálový |
| 610 | 2 | 0 | |a obchody burzové |
| 610 | 2 | 0 | |a deriváty |
| 610 | 2 | 0 | |a akcie |
| 610 | 2 | 0 | |a ceny burzové |
| 610 | 2 | 0 | |a komunikácia elektronická |
| 610 | 2 | 0 | |a technológie informačné |
| 100 | 1 | |a Kmeťko, Miroslav, 1969- | |